000 00717nam0a22002291 4500
001 rc\477549
005 20250621101029.0
035 _a(NLR Aleph) 005720742
090 _a7476419
_c7476419
100 _a20030616d1987 |||y0rusy50 ca
101 0 _arus
102 _aRU
105 _aa |||||||||
200 1 _aКстово, 1957-1987
_fИсполком Кстов. гор. Совета нар. депутатов
210 _aГорький
_cВолго-Вят. кн. изд-во
_d1987
215 _a95, [1] с.
_cил.
_d20
700 1 _aМарков
_bС.С.
_gСтанислав Семенович
801 0 _aRU
_bNLR
_gpsbo
801 1 _aRU
_bELAR
_2rusmarc
852 _aNLR
_j87-4/22910
942 _cBOOK
980 _aNB